| 000 | 01001nam a22002417a 4500 | ||
|---|---|---|---|
| 999 |
_c63397 _d63397 |
||
| 005 | 20240530110638.0 | ||
| 008 | 171004s2016 ua g b 000 0dara d | ||
| 017 |
_a2015/9332 _bمصر. دار الكتب |
||
| 020 | _a9789777531634 | ||
| 040 |
_aEG-CaGPL _cEG-CaGPL |
||
| 082 | 0 | 4 |
_221 _a257.5/ _bإ ن |
| 100 | 0 | _aاسماعيل ابراهيم البدوى | |
| 245 | 1 | 0 |
_aنظام الحكم الاسلامى مقارنا بالنظم السياسية المعاصرة / _cاسماعيل ابراهيم البدوى |
| 250 | _aط. 1 | ||
| 260 |
_aالاسكندرية : _bمكتبة الوفاء القانونية ، _c2016. |
||
| 300 |
_a519 ص. ؛ _c24 سم. |
||
| 504 | _aيشتمل على ارجاعات ببليوجرافية | ||
| 650 | 0 | 7 |
_2qrmak _aالقضاء فى الاسلام |
| 650 | 0 | 7 |
_2qrmak _aالاسلام _xالنظام السياسى فى |
| 650 | 0 | 7 |
_2qrmak _aالاسلام _xنظام الحكم فى |
| 942 |
_2ddc _cBK |
||